Normal view MARC view
  • Evans, Michael John

Entry Personal Name

Number of records used in: 1

001 - CONTROL NUMBER

  • control field: 103359

003 - CONTROL NUMBER IDENTIFIER

  • control field: NUST

005 - DATE AND TIME OF LATEST TRANSACTION

  • control field: 20221122133613.0

008 - FIXED-LENGTH DATA ELEMENTS

  • fixed length control field: 221122|| aca||aabn | a|a d

040 ## - CATALOGING SOURCE

  • Original cataloging agency: NUST
  • Transcribing agency: NUST

100 ## - HEADING--PERSONAL NAME

  • Personal name: Evans, Michael John

670 ## - SOURCE DATA FOUND

  • Source citation: Work cat.: (NUST)219420: Evans, Michael John, Probability and statistics :, 2004
© 2023 Central Library, National University of Sciences and Technology. All Rights Reserved.